000 00798nam a2200253Ia 4500
003 OSt
005 20221005073922.0
006 a|||||r|||| 00| 0
007 ta
008 221004b |||||||| |||| 00| 0 eng d
020 _a8173919305
_c450
024 _a99944
037 _b066, 13/11/2009, Independent Publishers Group
_cTextual
040 _aCRL
_cCRL
_beng
041 _2eng
_aeng
082 _aV44974.P1, P7
100 _aUpreti B.C.
_9102157
245 0 _aNepal democracy at cross roads
_b Post-1990 dynamics, issues and challenges
260 _aNew Delhi
_bKanishka Pub. India
_c2007
300 _avi,191p.
_ccm.
650 _aHISTORY
942 _hV44974.P1, P7
_cTEXL
_2cc
999 _c981922
_d981922